comparison of celery cabbage varieties ( Brassica compestris L.) in crop station at royal university of agriculture ការប្រៀបធៀបពូជដំណាំស្ពៃចង្កិះនៅស្ថាន៍ដំណាំ សាលវិទ្យាល័យភូមិកសិកម្ម (Record no. 18235)

000 -LEADER
fixed length control field 00700nam a22001337a 4500
040 ## - CATALOGING SOURCE
Transcribing agency RUA
082 ## - DEWEY DECIMAL CLASSIFICATION NUMBER
Classification number AGR NEA 2017 B646 Or.1
100 ## - MAIN ENTRY--AUTHOR NAME
Personal name NEANG BUNTHOUEN នាង ប៊ុនធឿន
245 ## - TITLE STATEMENT
Title comparison of celery cabbage varieties ( Brassica compestris L.) in crop station at royal university of agriculture ការប្រៀបធៀបពូជដំណាំស្ពៃចង្កិះនៅស្ថាន៍ដំណាំ សាលវិទ្យាល័យភូមិកសិកម្ម
260 ## - PUBLICATION, DISTRIBUTION, ETC. (IMPRINT)
Place of publication RUA
Name of publisher Phnom penh
Year of publication 2017
300 ## - PHYSICAL DESCRIPTION
Number of Pages ix;24p
Other physical details ill;
Dimensions 29cm
856 ## - ELECTRONIC LOCATION AND ACCESS
Uniform Resource Identifier https://drive.google.com/file/d/1lmrtcZNcZMKSzgyHc4QtRh-IMaXxadWa/view?usp=sharing
942 ## - ADDED ENTRY ELEMENTS (KOHA)
Koha item type AGR
952 ## - LOCATION AND ITEM INFORMATION (KOHA)
Withdrawn status [LOCAL, KOHA] 0
952 ## - LOCATION AND ITEM INFORMATION (KOHA)
Withdrawn status [LOCAL, KOHA] 0
952 ## - LOCATION AND ITEM INFORMATION (KOHA)
Withdrawn status [LOCAL, KOHA] 0
952 ## - LOCATION AND ITEM INFORMATION (KOHA)
Withdrawn status [LOCAL, KOHA] 0
952 ## - LOCATION AND ITEM INFORMATION (KOHA)
Withdrawn status [LOCAL, KOHA] 0
952 ## - LOCATION AND ITEM INFORMATION (KOHA)
Withdrawn status [LOCAL, KOHA] 0
Holdings
Permanent Location Date acquired Koha item type Lost status Shelving location Barcode Current Location Full call number
Library Block B2019-09-04AGR B646A44581Library Block BAGR NEA 2017 B646 Or.1
Library Block B2019-09-04AGR B646A44466Library Block BAGR NEA 2017 B646 Or.2
Library Block B2019-09-04AGR B646A44541Library Block BAGR NEA 2017 B646 Or.4
Library Block B2019-09-04AGR B646A44616Library Block BAGR NEA 2017 B646 Or.4
Library Block B2019-09-04AGR B646A42571Library Block BAGR NEA 2017 B646 Or.5
Library Block B2019-09-04AGR B646A43693Library Block BAGR NEA 2017 B646 Or.6
មជ្ឈមណ្ឌលឯការនៃសាកលវិទ្យាល័យភូមិន្ទកសិកម្មចំការដូង

Powered by Koha